Ο κόσμος της παιδικής λογοτεχνίας : η συγγραφή και η εικονογράφηση
Αποθηκεύτηκε σε:
| Συγγραφή απο Οργανισμό/Αρχή: | |
|---|---|
| Άλλοι συγγραφείς: | |
| Μορφή: | Βιβλίο |
| Γλώσσα: | Greek |
| Δημοσίευση: |
Αθήνα:
Καστανιώτης,
2001.
|
| Θέματα: | |
| Ετικέτες: |
Προσθήκη ετικέτας
Δεν υπάρχουν, Καταχωρήστε ετικέτα πρώτοι!
|
MARC
| LEADER | 00000nam a2200000 a 4500 | ||
|---|---|---|---|
| 001 | 1/126410 | ||
| 008 | 230403s2001####gr | ||| |||| ||gre|| | ||
| 020 | |a 9600331901 |q (τ.1) | ||
| 020 | |a 9600331898 |q (set) | ||
| 040 | |a GR-MyUa |b gre |c GR-MyUa |e AACR2 | ||
| 041 | 0 | |a gre | |
| 082 | 7 | |a 808.899282 |2 (23) | |
| 245 | 0 | 0 | |a Ο κόσμος της παιδικής λογοτεχνίας : |b η συγγραφή και η εικονογράφηση / |c επιμέλεια : Μαρία -Μάγδα Τζαφεροπούλου. |
| 260 | |a Αθήνα: |b Καστανιώτης, |c 2001. | ||
| 300 | |a τ. : |b έγχρ. εικ. ; |c 21 εκ. | ||
| 500 | |a "Περιέχει τις εισηγήσεις από το τετραήμερο συνέδριο που διοργάνωσε ο ΚΕΠΒ στην Αθήνα, 14-17 Οκτωβρίου 1999, με θέμα "Ο κόσμος της Παιδικής Λογοτεχνίας", με τη συμπαράσταση του ΕΚΕΒΙ και τη συμμετοχή του Κυπριακού Συνδέσμου Παιδικού/Νεανικού Βιβλίου". | ||
| 505 | 8 | |a τ.1. Η συγγραφή και η εικονογράφηση -- | |
| 504 | |a Περιλαμβάνει βιβλιογραφικές παραπομπές. | ||
| 650 | 0 | |a Children's literature, Greek (Modern) |x History and criticism. | |
| 650 | 0 | |a Illustrated children's books |z Greece. | |
| 650 | 0 | |a Illustration of books. | |
| 700 | 1 | |a Τζαφεροπούλου, Μαρία-Μάγδα. | |
| 710 | 2 | |a Κύκλος του Ελληνικού Παιδικού Βιβλίου. | |
| 970 | |a Σιδερή |b Νεκταρία |z 2023-04-03 | ||